| 000 | 00494nam a2200169Ia 4500 | ||
|---|---|---|---|
| 008 | 230917s9999||||xx |||||||||||||| ||und|| | ||
| 020 | _cRS495 | ||
| 040 |
_e228681 _aMAIN |
||
| 041 | _aEnglish | ||
| 082 | _a958 S58H | ||
| 100 | _aSanskrityayana, Rahula | ||
| 245 | 0 | _aHistory of central Asia: Bronze Age (2000 BC)-Chengiz Khan (1227 AD) | |
| 260 |
_aKolkata _bNew Age Publishers _c2007 |
||
| 300 | _axiv, 307 p. | ||
| 500 | _a2147 07/10/2015 IBS15/117 08/10/2015 Main Budget | ||
| 942 | _cBK | ||
| 999 |
_c16304 _d16304 |
||